000 01886cam a2200349 a 4500
003 EG-GiCUC
005 20250223031714.0
008 170410s2016 ua h f m 000 0 eng d
040 _aEG-GiCUC
_beng
_cEG-GiCUC
041 0 _aeng
049 _aDeposite
097 _aM.Sc
099 _aCai01.11.14.M.Sc.2016.Ky.A
100 0 _aKyrillos Makarem Atteya
245 1 0 _aAlar rim cartilage graft in rhinoplasty /
_cKyrillos Makarem Atteya ; Supervised Hisham Elminawi , Sameh Alnomany , Rasha Abdelkader
246 1 5 _aرقعة الغضروف الجناحى الحافى فى تجميل الأنف
260 _aCairo :
_bKyrillos Makarem Atteya ,
_c2016
300 _a120 P. :
_bfacsimiles ;
_c25cm
502 _aThesis (M.Sc.) - Cairo University - Faculty of Medicine - Department of General Surgery
520 _aThe alar rim is an important aesthetic feature of the face and its surgery is one of the most interesting and challenging parts of rhinoplasty operation. Success in rhinoplasty surgery begins with a sound concept of beauty, symmetry, harmony, and proportion. Aim of work: The aim of this thesis is to evaluate and analyze the use of alar rim cartilage graft in the Egyptian nose and to state the indications, advantages, and disadvantages of the usage of these grafts. The current study included thirty Egyptian patients seeking rhinoplasty in 2015& 2016. The use of alar rim cartilage graft helped in the control of the alar dynamics and the aesthetic outcome was almost satisfactory
530 _aIssued also as CD
653 4 _aAlar rim
653 4 _aNose
653 4 _aRhinoplasty
700 0 _aHisham Elminawi ,
_eSupervisor
700 0 _aRasha Abdelkader ,
_eSupervisor
700 0 _aSameh Alnomany ,
_eSupervisor
856 _uhttp://172.23.153.220/th.pdf
905 _aNazla
_eRevisor
905 _aSamia
_eCataloger
942 _2ddc
_cTH
999 _c60606
_d60606